书目信息 |
| 题名: |
电子技术实训教程
|
|
| 作者: | 侯睿 , 朱漱玉 编 | |
| 分册: | ||
| 出版信息: | 西安 西北工业大学出版社 2007.08 |
|
| 页数: | 164页 | |
| 开本: | 26cm | |
| 丛书名: | ||
| 单 册: | ||
| 中图分类: | TN | |
| 科图分类: | ||
| 主题词: | 电子技术--dian zi ji shu--教材 | |
| 电子资源: | ||
| ISBN: | 978-7-5612-2287-4 | |
| 000 | 01102nam0 2200253 450 | |
| 001 | 012008290578 | |
| 005 | 20080109152218.07 | |
| 010 | @a978-7-5612-2287-4@dCNY16.00 | |
| 100 | @a20080109d2007 em y0chiy0120 ea | |
| 101 | 0 | @achi |
| 102 | @aCN@b610000 | |
| 105 | @ay z 000yy | |
| 106 | @ar | |
| 200 | 1 | @a电子技术实训教程@Adian zi ji shu shi xun jiao cheng@f侯睿, 朱漱玉编@Fhou rui,zhu shu yu bian |
| 210 | @a西安@c西北工业大学出版社@d2007.08 | |
| 215 | @a164页@d26cm | |
| 300 | @a高职高专规划教材 | |
| 330 | @a本书分为模拟部分与数字部分两部分,每部分又各包含实验教程与实训教程。内容包括:常用电子仪器的使用,模拟电路基础实验,模拟电路设计实训,数字电路基础实验,数字电路设计实训等。本书设置了较多的实验课题,包括很多实验项目,其内容和难易程度基本满足了不同层次的教学要求,任课教师可以根据实际情况灵活运用。为了适应不同类型实验课程的需求,每个实验项目都附有实验原理、参考实验电路等内容。 | |
| 606 | 0 | @a电子技术@Adian zi ji shu@j教材 |
| 690 | @aTN@v4 | |
| 701 | 0 | @a侯睿@Ahou rui@4编 |
| 701 | 0 | @a朱漱玉@Azhu shu yu@4编 |
| 801 | 0 | @aCN@bQSSK@c20080109 |
| 905 | @b276200-02@dTN@eH430@f3 | |
| 电子技术实训教程/侯睿, 朱漱玉编.-西安:西北工业大学出版社,2007.08 |
| 164页;26cm |
| 高职高专规划教材 |
| ISBN 978-7-5612-2287-4:CNY16.00 |
| 本书分为模拟部分与数字部分两部分,每部分又各包含实验教程与实训教程。内容包括:常用电子仪器的使用,模拟电路基础实验,模拟电路设计实训,数字电路基础实验,数字电路设计实训等。本书设置了较多的实验课题,包括很多实验项目,其内容和难易程度基本满足了不同层次的教学要求,任课教师可以根据实际情况灵活运用。为了适应不同类型实验课程的需求,每个实验项目都附有实验原理、参考实验电路等内容。 |
| ● |
| 相关链接 |
|
|
|
正题名:电子技术实训教程
索取号:TN/H430
 
预约/预借
| 序号 | 登录号 | 条形码 | 馆藏地/架位号 | 状态 | 备注 |
| 1 | 276200 | 202762000 | 自科二线404/301自科库 16排1列2层/ [索取号:TN/H430] | 在馆 | |
| 2 | 276201 | 202762019 | 自科库301/301自科库 22排4列4层/ [索取号:TN/H430] | 在馆 | |
| 3 | 276202 | 202762028 | 自科库301/301自科库 22排4列4层/ [索取号:TN/H430] | 在馆 |